000 00631am a2200253a 44500
003 AR-BaBNM
005 20251128211112.0
008 222120s2001 #AR|||||||||||000 | esp||
020 _a84-7223-165-3
040 _cAR-BaBNM
100 1 _aArango, Arturo
245 1 0 _aEl libro de la realidad
250 _a1ยช ed.
260 _aBarcelona
_bTusquets Editores
_c2001
300 _a217 p.
650 4 _aLITERATURA LATINOAMERICANA
650 4 _aHISTORIA LATINOAMERICANA
650 4 _aREVOLUCIONES AMERICANAS
651 4 _aCuba
653 _aLITERATURA CUBANA
655 _aLITERATURA
942 _cBK
998 _cmariana
999 _c18230
_d18230